[Event "Festival INPS"]
[Site "Roma ITA"]
[Date "1996.??.??"]
[Round "3"]
[White "Pagano, Sergio M."]
[Black "Pienabarca, Nicola"]
[Result "1-0"]
[WhiteElo "2240"]
[BlackElo "1995"]
[PlyCount "109"]
[EventDate "1996.??.??"]

1. Nf3 e6 2. c4 f5 3. g3 Nf6 4. Bg2 Be7 5. O-O O-O 6. b3 Ne4 7. Bb2 Bf6 8. d4
d6 9. Nbd2 Nxd2 10. Qxd2 a5 11. Rad1 Qe8 12. Rfe1 d5 13. Rc1 c6 14. Ba3 Be7 15.
Bxe7 Qxe7 16. cxd5 exd5 17. Ne5 Nd7 18. Nd3 Nf6 19. f3 Qf7 20. Rc5 h5 21. Rxa5
Rxa5 22. Qxa5 h4 23. Ne5 Qh5 24. Qd2 Nd7 25. Nxd7 Bxd7 26. Qf4 hxg3 27. hxg3
Qg6 28. Kf2 Re8 29. Rh1 Qe6 30. Bf1 b5 31. Rh5 g6 32. Rh6 Kg7 33. Qg5 Rh8 34.
Rxh8 Kxh8 35. Qe3 Qxe3+ 36. Kxe3 Kg7 37. a4 Kf6 38. Kd3 bxa4 39. bxa4 c5 40.
dxc5 Bxa4 41. Kd4 Ke6 42. e3 g5 43. Bh3 Bd1 44. f4 gxf4 45. gxf4 Ba4 46. Bf1
Bc6 47. Be2 Kf6 48. Bd1 Ke6 49. Bb3 Bb7 50. Kc3 Kd7 51. Bc2 Ke6 52. Kb4 Bc6 53.
Ka5 Bd7 54. Kb6 d4 55. Bb3+ 1-0

[Event "Festival INPS"]
[Site "Roma ITA"]
[Date "1996.??.??"]
[Round "3"]
[White "Perretta, Maurizio"]
[Black "Quimi, Marco"]
[Result "1/2-1/2"]
[WhiteElo "2007"]
[BlackElo "2225"]
[PlyCount "94"]
[EventDate "1996.??.??"]

1. Nf3 Nf6 2. g3 g6 3. Bg2 Bg7 4. O-O O-O 5. d3 c6 6. e4 d6 7. Nbd2 e5 8. c3
Nbd7 9. Re1 Qc7 10. d4 Re8 11. Qc2 Nf8 12. b4 a5 13. dxe5 dxe5 14. Nc4 axb4 15.
cxb4 Bg4 16. Nfd2 Ne6 17. Nb3 Nd4 18. Nxd4 exd4 19. Bf4 Qe7 20. Nd6 Red8 21. e5
Nh5 22. b5 Nxf4 23. gxf4 Bh6 24. bxc6 bxc6 25. Qxc6 Bxf4 26. Qe4 Qg5 27. h4 Qh6
28. Qxd4 g5 29. Re4 Be6 30. hxg5 Qh2+ 31. Kf1 Bg4 32. Re3 Ra4 33. Qxa4 Bxe3 34.
fxe3 Qxe5 35. Rd1 Rxd6 36. Rxd6 Qxd6 37. Qa8+ Kg7 38. a4 Qd2 39. Qa7 Qd1+ 40.
Kf2 Kg6 41. Qd4 Qc2+ 42. Kg3 Qc1 43. Be4+ f5 44. Bg2 Qg1 45. Qe5 Kf7 46. Qc7+
Kg6 47. Qe5 Kf7 1/2-1/2

[Event "Festival INPS"]
[Site "Roma ITA"]
[Date "1996.??.??"]
[Round "3"]
[White "Picardi, Angelo"]
[Black "Pezzaldi, Roberto"]
[Result "1-0"]
[WhiteElo "2120"]
[BlackElo "2013"]
[PlyCount "109"]
[EventDate "1996.??.??"]

1. e4 e6 2. d3 d5 3. Nd2 c5 4. Ngf3 Nc6 5. g3 Nf6 6. Bg2 Bd6 7. O-O d4 8. Nc4
e5 9. Nh4 b5 10. Nxd6+ Qxd6 11. f4 Ng4 12. Nf5 Bxf5 13. exf5 Ne3 14. Bxe3 dxe3
15. fxe5 Qc7 16. Qf3 Rc8 17. Qxc6+ Qxc6 18. Bxc6+ Rxc6 19. Rfe1 g6 20. a4 b4
21. Rxe3 Ke7 22. g4 Rd8 23. b3 Rd4 24. h3 h5 25. Rg3 hxg4 26. hxg4 gxf5 27.
gxf5 Rh6 28. Rf1 Rd5 29. Re3 Rd4 30. Re4 Rxe4 31. dxe4 Rh3 32. Re1 Rc3 33. Re2
c4 34. bxc4 Rxc4 35. Kf2 Rc5 36. Ke3 Ra5 37. Rd2 Rxa4 38. Rd4 Ra3+ 39. Kf4 a5
40. Rc4 Kd7 41. Kg5 Rc3 42. Rxc3 bxc3 43. Kf6 a4 44. Kxf7 a3 45. e6+ Kc7 46. e7
a2 47. e8=Q a1=Q 48. Qe7+ Kc6 49. e5 Qb2 50. Qd6+ Kb7 51. Qd5+ Ka7 52. e6 Qxc2
53. e7 Qd2 54. Qa5+ Kb7 55. e8=Q 1-0

[Event "Festival INPS"]
[Site "Roma ITA"]
[Date "1996.??.??"]
[Round "3"]
[White "Proietti, Giorgio"]
[Black "Siraco, Maurizio"]
[Result "0-1"]
[WhiteElo "1717"]
[BlackElo "1965"]
[PlyCount "26"]
[EventDate "1996.??.??"]

1. d4 e6 2. c4 f5 3. Nc3 Nf6 4. Bg5 Be7 5. Bxf6 Bxf6 6. e4 fxe4 7. Nxe4 O-O 8.
Nxf6+ Qxf6 9. Nf3 c5 10. b3 Nc6 11. dxc5 Qc3+ 12. Nd2 Nb4 13. Rc1 Qe5+ 0-1

[Event "Festival INPS"]
[Site "Roma ITA"]
[Date "1996.??.??"]
[Round "3"]
[White "Saccone, Fabio"]
[Black "Quinto, Gianni"]
[Result "1-0"]
[WhiteElo "2175"]
[BlackElo "2220"]
[PlyCount "99"]
[EventDate "1996.??.??"]

1. e4 e6 2. Nc3 d5 3. Nf3 Nf6 4. exd5 exd5 5. d4 Bd6 6. Bg5 c6 7. Be2 Bf5 8.
O-O h6 9. Bh4 Nbd7 10. Bd3 Bxd3 11. Qxd3 O-O 12. Rfe1 Qb6 13. b3 Bb4 14. a3
Bxc3 15. Qxc3 Ne4 16. Qd3 Qa5 17. Ne5 Nxe5 18. dxe5 Rfe8 19. f3 Qb6+ 20. Kf1
Nc5 21. Qf5 Ne6 22. Bf2 c5 23. f4 a5 24. Qg4 a4 25. f5 Nf8 26. Rab1 Qc6 27. b4
cxb4 28. Rxb4 Qxc2 29. Rf4 Rac8 30. Bd4 Qd3+ 31. Kg1 Qd2 32. Ref1 Rxe5 33. Bxe5
Qe3+ 34. Kh1 Qxe5 35. f6 Ne6 36. Rf5 Qe4 37. Qxe4 dxe4 38. fxg7 Rc7 39. Re5 Rc3
40. Rxe4 Rxa3 41. Rb4 Rb3 42. Rb1 Rd3 43. Rxb7 a3 44. R7b3 a2 45. Rb8+ Kxg7 46.
Ra1 Nd4 47. h3 h5 48. Rxa2 h4 49. Rf2 f5 50. Rb6 1-0

[Event "Festival INPS"]
[Site "Roma ITA"]
[Date "1996.??.??"]
[Round "3"]
[White "Sciannamea, Valerio"]
[Black "Laudati, Adriano"]
[Result "0-1"]
[WhiteElo "1719"]
[BlackElo "1870"]
[PlyCount "60"]
[EventDate "1996.??.??"]

1. e4 e6 2. d4 d5 3. Nc3 Bb4 4. exd5 exd5 5. Bd3 Nc6 6. a3 Bxc3+ 7. bxc3 Nge7
8. Qf3 Be6 9. Nh3 Qd7 10. Ng5 Bf5 11. g4 Bg6 12. h4 O-O-O 13. h5 Bxd3 14. Qxd3
f6 15. Nh3 Qxg4 16. Rg1 Qxh5 17. Nf4 Qe8 18. Be3 Ng6 19. Qf5+ Qd7 20. Ne6 Kb8
21. Qh3 Rhe8 22. Qxh7 Rxe6 23. Rxg6 Re7 24. Kd2 Na5 25. Rag1 Nc4+ 26. Kd3 Qf5+
27. Ke2 Qxc2+ 28. Kf1 Rxe3 29. fxe3 Nxe3+ 30. Ke1 Re8 0-1

[Event "Festival INPS"]
[Site "Roma ITA"]
[Date "1996.??.??"]
[Round "3"]
[White "Tocco, Paolo"]
[Black "Bono, Leonardo"]
[Result "1/2-1/2"]
[WhiteElo "2180"]
[BlackElo "1753"]
[PlyCount "104"]
[EventDate "1996.??.??"]

1. e4 e6 2. d4 d5 3. Nd2 Nf6 4. e5 Nfd7 5. Bd3 c5 6. c3 Nc6 7. Ngf3 cxd4 8.
cxd4 Nb4 9. Bb1 Nb6 10. O-O Bd7 11. a3 Nc6 12. Re1 a5 13. b3 a4 14. b4 Na7 15.
Nf1 Be7 16. Ng3 Bb5 17. Nh5 g6 18. Nf4 Rc8 19. Nd3 Bxd3 20. Bxd3 Qd7 21. Qe2
Nc4 22. Nd2 b5 23. Nf3 Nc6 24. Rd1 Qa7 25. Be3 Qb6 26. Ra2 Rc7 27. h4 h5 28. g3
Kd8 29. Bb1 Kc8 30. Ne1 Kb8 31. Nd3 Nxd4 32. Bxd4 Qxd4 33. Nc5 Qxe5 34. Qxe5
Nxe5 35. Na6+ Kb7 36. Nxc7 Kxc7 37. Re2 Bd6 38. Re3 Kb6 39. Rc1 Rd8 40. f4 Nc4
41. Rd3 Nb2 42. Rd4 Nc4 43. Rc3 Be7 44. Rdd3 Bf6 45. Rc2 Nb2 46. Rf3 Nc4 47.
Ba2 Rd7 48. Rd3 Rd8 49. Kg2 Nb2 50. Rf3 Nc4 51. Kf1 Rc8 52. Ke2 Rc7 1/2-1/2

[Event "Festival INPS"]
[Site "Roma ITA"]
[Date "1996.??.??"]
[Round "3"]
[White "Turturici, Pellegrino"]
[Black "Galeno, Giorgio"]
[Result "1/2-1/2"]
[WhiteElo "1716"]
[BlackElo "1680"]
[PlyCount "78"]
[EventDate "1996.??.??"]

1. e4 d6 2. d4 Nf6 3. Bd3 e5 4. Ne2 Nc6 5. c3 d5 6. Bg5 Be7 7. f3 Be6 8. O-O
exd4 9. exd5 Nxd5 10. Bxe7 Qxe7 11. Qa4 O-O 12. Nxd4 Qc5 13. Qb5 Qxb5 14. Nxb5
Ne5 15. Be4 c6 16. Nd4 Rfe8 17. Nxe6 Rxe6 18. Nd2 Nf6 19. Rfe1 Nxe4 20. Rxe4
Rd8 21. Nb3 Ng6 22. Rxe6 fxe6 23. Re1 e5 24. Re2 b6 25. g3 Kf7 26. Nd2 Ke6 27.
h4 h5 28. Kf2 Rd3 29. Nc4 Kf6 30. a4 b5 31. axb5 cxb5 32. Na5 Ne7 33. Nb7 Nc6
34. Nc5 Rd8 35. Ne4+ Kf5 36. Ke3 Na5 37. Kf2 Nb3 38. g4+ hxg4 39. Ng3+ Kf6
1/2-1/2

[Event "Festival INPS"]
[Site "Roma ITA"]
[Date "1996.??.??"]
[Round "4"]
[White "Bono, Leonardo"]
[Black "Giangregorio, Pasquale"]
[Result "1-0"]
[WhiteElo "1753"]
[BlackElo "1767"]
[PlyCount "83"]
[EventDate "1996.??.??"]

1. Nf3 c6 2. d4 d5 3. c4 Nf6 4. Nc3 Bf5 5. g3 e6 6. Bg2 Nbd7 7. Qb3 Qb6 8. c5
Qxb3 9. axb3 Ne4 10. O-O Be7 11. b4 Bf6 12. Bf4 Nxc3 13. bxc3 O-O 14. Ra2 a6
15. h3 h6 16. g4 Be4 17. Bg3 Bxf3 18. Bxf3 e5 19. e3 Rfe8 20. Be2 exd4 21. cxd4
Bxd4 22. exd4 Re4 23. Rd1 Rae8 24. Bf3 R4e6 25. Kf1 Nf6 26. Re2 Rxe2 27. Bxe2
Ne4 28. Bf4 Nc3 29. Re1 g5 30. Bc1 Nb5 31. Bxb5 Rxe1+ 32. Kxe1 axb5 33. f4 f6
34. Kf2 Kg7 35. Kg3 Kf7 36. h4 Kg6 37. Kh3 gxf4 38. Bxf4 h5 39. Kg3 hxg4 40.
Kxg4 f5+ 41. Kg3 Kh5 42. Bg5 1-0

[Event "Festival INPS"]
[Site "Roma ITA"]
[Date "1996.??.??"]
[Round "4"]
[White "Capretti, Giovanni"]
[Black "Corvi, Marco"]
[Result "0-1"]
[WhiteElo "1836"]
[BlackElo "2215"]
[PlyCount "82"]
[EventDate "1996.??.??"]

1. e4 Nf6 2. e5 Nd5 3. c4 Nb6 4. d4 d6 5. exd6 exd6 6. Nc3 Nc6 7. Be3 Be7 8. h3
Bf5 9. Nf3 O-O 10. Rc1 Bf6 11. b3 d5 12. c5 Nc8 13. Bd3 Bg6 14. g4 Re8 15. Bxg6
hxg6 16. Kf1 Qd7 17. a3 a6 18. b4 N8a7 19. Qb3 Nb5 20. Ne2 Re4 21. Rd1 Rae8 22.
a4 Nba7 23. Nf4 Rd8 24. Nd3 Bxd4 25. b5 axb5 26. axb5 Na5 27. Qb4 Nc4 28. Bxd4
Nxb5 29. Nde5 Nxe5 30. Nxe5 Qe8 31. Nf3 c6 32. Kg2 f5 33. g5 Qe7 34. Qb2 Rd7
35. Rhe1 Nxd4 36. Nxd4 Rxe1 37. Rxe1 Qxe1 38. Nf3 Qe4 39. Qd4 Qxd4 40. Nxd4 Re7
41. Nb3 Kf7 0-1

[Event "Festival INPS"]
[Site "Roma ITA"]
[Date "1996.??.??"]
[Round "4"]
[White "Cattarinich, Benedetto"]
[Black "Sciannamea, Valerio"]
[Result "1-0"]
[WhiteElo "1759"]
[BlackElo "1719"]
[PlyCount "63"]
[EventDate "1996.??.??"]

1. d4 d6 2. Nf3 Bg4 3. c4 Nd7 4. Qb3 Rb8 5. Nc3 Bxf3 6. gxf3 g6 7. e4 Bg7 8.
Be3 Ngf6 9. Be2 c5 10. d5 O-O 11. Qc2 a6 12. a4 Qa5 13. Bd2 Qc7 14. Bg5 h6 15.
Be3 Ne5 16. f4 Neg4 17. Bd2 h5 18. h3 Nh6 19. Bd3 e6 20. dxe6 fxe6 21. Rg1 Qf7
22. e5 dxe5 23. Bxg6 Qc7 24. fxe5 Qxe5+ 25. Ne2 Qc7 26. O-O-O Kh8 27. Nf4 Qb6
28. Be3 Rfd8 29. Rde1 Nf5 30. Bxf5 exf5 31. Qxf5 Qc7 32. Rxg7 1-0

[Event "Festival INPS"]
[Site "Roma ITA"]
[Date "1996.??.??"]
[Round "4"]
[White "Chiaretti, Roberto"]
[Black "Togni, Giampiero"]
[Result "1-0"]
[WhiteElo "2109"]
[BlackElo "1710"]
[PlyCount "79"]
[EventDate "1996.??.??"]

1. e4 c5 2. Nc3 e6 3. f4 a6 4. Nf3 b5 5. d3 Bb7 6. Be2 Nf6 7. O-O h5 8. e5 Ng4
9. Ng5 d5 10. Bxg4 hxg4 11. Qxg4 g6 12. Bd2 Nc6 13. Ne2 Qd7 14. Rfd1 Be7 15. c4
d4 16. b3 Rh5 17. Ng3 Rh6 18. a3 O-O-O 19. Nxf7 Rh4 20. Qxg6 Rf8 21. Ne4 Kb8
22. Ned6 Bxd6 23. Nxd6 Ne7 24. Qg3 Rfh8 25. Be1 Rxh2 26. Qxh2 Rxh2 27. Kxh2 Ba8
28. Ra2 Ng8 29. cxb5 Nh6 30. Kg1 Ng4 31. b6 Bd5 32. Rc1 Qh7 33. Bg3 Qxd3 34.
Bf2 Bxb3 35. Raa1 Nxf2 36. Rxc5 Qc2 37. Rxc2 Bxc2 38. Kxf2 d3 39. Ke3 a5 40.
Kd2 1-0

[Event "Festival INPS"]
[Site "Roma ITA"]
[Date "1996.??.??"]
[Round "4"]
[White "Chiusano, Raimondo"]
[Black "Pagano, Sergio M."]
[Result "1-0"]
[WhiteElo "2034"]
[BlackElo "2240"]
[PlyCount "55"]
[EventDate "1996.??.??"]

1. e4 d6 2. d4 Nf6 3. Nc3 c6 4. a4 g6 5. g3 Bg7 6. Bg2 O-O 7. Nge2 e5 8. O-O
Na6 9. h3 Qc7 10. Be3 Re8 11. g4 h5 12. g5 Nh7 13. f4 Nb4 14. f5 exd4 15. Nxd4
d5 16. f6 Bf8 17. Nde2 dxe4 18. Nf4 Qa5 19. Nxg6 Nxg5 20. Nxf8 Rxf8 21. Kh1
Nxh3 22. Bxh3 Bxh3 23. Rg1+ Kh8 24. Rg5 Qxg5 25. Bxg5 Bg4 26. Qd2 Rad8 27. Qf4
Nxc2 28. Bh4 1-0

[Event "Festival INPS"]
[Site "Roma ITA"]
[Date "1996.??.??"]
[Round "4"]
[White "Ciampi, Vincenzo"]
[Black "Nurkic, Sahbaz"]
[Result "0-1"]
[WhiteElo "2155"]
[BlackElo "2365"]
[PlyCount "69"]
[EventDate "1996.??.??"]

1. e4 g6 2. d4 Bg7 3. Nc3 c6 4. Nf3 Nf6 5. h3 O-O 6. Be2 d5 7. e5 Ne4 8. Nxe4
dxe4 9. Ng5 c5 10. Nxe4 cxd4 11. f4 Qb6 12. Bd3 Nc6 13. O-O Nb4 14. Qe2 Be6 15.
Ng5 Rac8 16. Kh2 Bf5 17. Bxf5 gxf5 18. c3 dxc3 19. bxc3 Qa6 20. Qxa6 Nxa6 21.
Be3 b6 22. Bd4 Rfd8 23. e6 f6 24. Nf3 Rc6 25. Rfe1 Nc7 26. Nh4 Rd5 27. g4 fxg4
28. hxg4 Nxe6 29. Nf5 Bf8 30. Kg3 Nxd4 31. cxd4 e6 32. Ne3 Rxd4 33. Rad1 Rxd1
34. Nxd1 Rc1 35. Kf2 0-1

[Event "Festival INPS"]
[Site "Roma ITA"]
[Date "1996.??.??"]
[Round "4"]
[White "Colombo, Paolo"]
[Black "Messina, Enrico"]
[Result "1/2-1/2"]
[WhiteElo "2170"]
[BlackElo "2057"]
[PlyCount "87"]
[EventDate "1996.??.??"]

1. d4 Nf6 2. c4 g6 3. Nc3 Bg7 4. e4 d6 5. Be2 O-O 6. Nf3 e5 7. O-O exd4 8. Nxd4
Re8 9. f3 c6 10. Nc2 Na6 11. Be3 Nc7 12. Qd2 d5 13. Rad1 Be6 14. cxd5 cxd5 15.
e5 Nd7 16. f4 f6 17. Nd4 Bf7 18. Ndb5 Nxb5 19. Nxb5 Bf8 20. Nd6 Bxd6 21. exd6
Qb8 22. Bb5 Qxd6 23. Bd4 Red8 24. Qf2 a6 25. Bd3 Rac8 26. Qh4 Rc6 27. g4 Nc5
28. g5 f5 29. Rf3 Be6 30. Rh3 Qd7 31. Qe1 Ne4 32. Rh6 Rdc8 33. h4 Bf7 34. Kg2
Qc7 35. Be5 Qb6 36. Bxe4 fxe4 37. h5 Rc2+ 38. Kg3 R8c6 39. hxg6 Rxg6 40. Rxg6+
Qxg6 41. Qa5 Qh5 42. Qd8+ Be8 43. Qxd5+ Bf7 44. Qd8+ 1/2-1/2

[Event "Festival INPS"]
[Site "Roma ITA"]
[Date "1996.??.??"]
[Round "4"]
[White "Colombrini, Adolfo"]
[Black "Pienabarca, Nicola"]
[Result "0-1"]
[WhiteElo "1704"]
[BlackElo "1995"]
[PlyCount "108"]
[EventDate "1996.??.??"]

1. e4 e6 2. d4 d5 3. Nc3 Nf6 4. exd5 exd5 5. Bd3 h6 6. Nf3 Bd6 7. Qe2+ Be7 8.
O-O O-O 9. h3 Be6 10. Bf4 c6 11. Rfe1 Bd6 12. Bxd6 Qxd6 13. Qd2 Nbd7 14. Re2
Nh5 15. Ne5 Qe7 16. Rae1 Nxe5 17. Rxe5 Qh4 18. Bf5 Qf4 19. Qd3 Bxf5 20. Rxf5
Qh4 21. Rfe5 Nf4 22. Qe3 Ne6 23. Ne2 Qd8 24. Nf4 Nxf4 25. Qxf4 Qb6 26. b3 Qa5
27. a4 b5 28. axb5 Qxb5 29. Qd2 a5 30. Re7 a4 31. bxa4 Rxa4 32. Qf4 Qb4 33. Qc7
Qxd4 34. Qxc6 Rc4 35. Qd6 Rxc2 36. Qg3 Rd2 37. Qf3 Rd3 38. Qf5 Rd1 39. Rxd1
Qxd1+ 40. Kh2 d4 41. Rd7 Qd2 42. f3 Qe3 43. Qd5 Qf4+ 44. g3 Qd2+ 45. Kg1 Qe1+
46. Kg2 Qe2+ 47. Kg1 Qd1+ 48. Kg2 Qc2+ 49. Kg1 Qg6 50. Kf2 Re8 51. Qxd4 Qc2+
52. Qd2 Qc5+ 53. Qd4 Qa5 54. Qd5 Qe1+ 0-1

[Event "Festival INPS"]
[Site "Roma ITA"]
[Date "1996.??.??"]
[Round "4"]
[White "Contin, Daniel"]
[Black "Scavo, Fernando"]
[Result "1/2-1/2"]
[WhiteElo "2325"]
[BlackElo "2150"]
[PlyCount "21"]
[EventDate "1996.??.??"]

1. d4 d5 2. c4 c6 3. e3 Nf6 4. Nf3 Bf5 5. Nc3 e6 6. cxd5 exd5 7. Bd3 Bxd3 8.
Qxd3 Be7 9. O-O O-O 10. Ne5 Nbd7 11. f4 1/2-1/2

[Event "Festival INPS"]
[Site "Roma ITA"]
[Date "1996.??.??"]
[Round "4"]
[White "Galeno, Giorgio"]
[Black "Buffoni, Luca"]
[Result "1/2-1/2"]
[WhiteElo "1680"]
[BlackElo "1708"]
[PlyCount "112"]
[EventDate "1996.??.??"]

1. d4 d5 2. c4 e6 3. cxd5 exd5 4. Nc3 Nf6 5. Bg5 Nbd7 6. e3 Be7 7. Bd3 O-O 8.
Nf3 Re8 9. O-O Nf8 10. h3 Ne6 11. Bh4 c5 12. Rc1 cxd4 13. Nxd4 Nxd4 14. exd4
Ne4 15. Bxe7 Rxe7 16. Nxe4 dxe4 17. Bc4 Bf5 18. d5 Qd6 19. Qb3 Rae8 20. Rfe1
Bc8 21. Qe3 a6 22. Bb3 Kh8 23. Qc5 Qxc5 24. Rxc5 g6 25. Rec1 Bd7 26. Rc7 Bb5
27. a4 Rxc7 28. Rxc7 e3 29. fxe3 Rxe3 30. Bc2 Bd3 31. Bxd3 Rxd3 32. Rxf7 Rxd5
33. Rxb7 Rd2 34. b4 Ra2 35. a5 Rb2 36. Kh2 Rb3 37. h4 h5 38. g3 Rb2+ 39. Kh3
Rb3 40. Rb6 Kg7 41. Rxa6 Rxb4 42. Rb6 Ra4 43. a6 Kh6 44. Kg2 Ra2+ 45. Kf3 Ra3+
46. Kf4 Ra4+ 47. Ke5 Ra3 48. Kd6 Rxg3 49. a7 Ra3 50. Rb7 g5 51. hxg5+ Kxg5 52.
Kc7 h4 53. Kb8 Rxa7 54. Rxa7 h3 55. Rh7 Kg4 56. Kc7 Kg3 1/2-1/2

[Event "Festival INPS"]
[Site "Roma ITA"]
[Date "1996.??.??"]
[Round "4"]
[White "Laudati, Adriano"]
[Black "Turturici, Pellegrino"]
[Result "1-0"]
[WhiteElo "1870"]
[BlackElo "1716"]
[PlyCount "93"]
[EventDate "1996.??.??"]

1. d4 d5 2. c4 e6 3. Nc3 Nf6 4. cxd5 exd5 5. Bg5 Nbd7 6. e3 Be7 7. Bd3 O-O 8.
Qc2 c5 9. Nf3 b6 10. O-O Bb7 11. Rad1 Ne4 12. Bxe7 Qxe7 13. Be2 Rfc8 14. Rfe1
a6 15. Nd2 Ndf6 16. Ndxe4 Nxe4 17. Nxe4 cxd4 18. Qb3 dxe4 19. Rxd4 Rc6 20. Red1
Rg6 21. Rd7 Qg5 22. Qxf7+ Kh8 23. g3 Bc6 24. R7d6 Rxd6 25. Rxd6 Qc5 26. Qc7 Be8
27. Qxc5 bxc5 28. Rxa6 Rb8 29. b3 h6 30. Bc4 Bh5 31. Bd5 Bf3 32. Ra8 Rxa8 33.
Bxa8 Kg8 34. Kf1 Kf7 35. Ke1 Ke6 36. Kd2 Ke5 37. a4 Kd6 38. Kc3 Kc7 39. Bd5 Kb6
40. b4 Bd1 41. a5+ Kb5 42. Bc4+ Kc6 43. b5+ Kc7 44. Bd5 Be2 45. b6+ Kb8 46.
Bxe4 Ba6 47. Bd3 1-0

[Event "Festival INPS"]
[Site "Roma ITA"]
[Date "1996.??.??"]
[Round "4"]
[White "Michelena, Rodolfo"]
[Black "Marta, Daniele"]
[Result "0-1"]
[WhiteElo "1810"]
[BlackElo "1732"]
[PlyCount "62"]
[EventDate "1996.??.??"]

1. e4 Nc6 2. d4 e5 3. c3 Nf6 4. Bd3 d6 5. Ne2 g6 6. Be3 Bg7 7. f3 O-O 8. Nd2
Re8 9. Nb3 d5 10. Qc2 exd4 11. Nbxd4 Ne5 12. O-O-O c5 13. Bb5 Re7 14. Nb3 c4
15. Nc5 a6 16. Qa4 Qb6 17. Nd4 Rc7 18. f4 Neg4 19. Bg1 Rxc5 20. h3 Nh6 21. exd5
Rxb5 22. Nxb5 Qxb5 23. Qc2 Bf5 24. Qd2 Bd3 25. g4 Ne4 26. Qh2 Rd8 27. Bd4 Bxd4
28. cxd4 c3 29. b3 Nd2 30. f5 Qb4 31. Rxd2 cxd2+ 0-1

[Event "Festival INPS"]
[Site "Roma ITA"]
[Date "1996.??.??"]
[Round "4"]
[White "Perretta, Maurizio"]
[Black "De Vita, Igor"]
[Result "1-0"]
[WhiteElo "2007"]
[BlackElo "2150"]
[PlyCount "119"]
[EventDate "1996.??.??"]

1. e4 Nf6 2. d3 e5 3. Nf3 Nc6 4. Bg5 h6 5. Bh4 Bb4+ 6. c3 Be7 7. Nbd2 d5 8. Bg3
Bd6 9. Qc2 O-O 10. Be2 Re8 11. O-O Bg4 12. Rfe1 Qd7 13. Nf1 a5 14. Ne3 Be6 15.
Nh4 g6 16. exd5 Nxd5 17. Nc4 Rad8 18. Nxd6 cxd6 19. Nf3 f5 20. h4 Qg7 21. Rad1
Nf6 22. d4 f4 23. dxe5 dxe5 24. Bh2 Kh8 25. Bb5 Bf5 26. Qa4 Qc7 27. Rxd8 Qxd8
28. Bxc6 bxc6 29. Nxe5 Ng4 30. Bxf4 Kh7 31. Nf3 Rxe1+ 32. Nxe1 Qxh4 33. Bg3 Qe7
34. Qd1 Qe6 35. Nf3 Qxa2 36. Qc1 Qc4 37. Qd2 a4 38. Nd4 Qd5 39. Qe2 Qd7 40. Nf3
Bd3 41. Qd2 c5 42. Ne5 Nxe5 43. Bxe5 g5 44. Qe3 Qd5 45. f3 Kg6 46. Bd4 cxd4 47.
Qxd3+ Kf7 48. Qxd4 Qb5 49. Qb4 Qe8 50. Qb7+ Kf6 51. Kf2 h5 52. Qb6+ Kg7 53.
Qc7+ Kh6 54. Qd6+ Kg7 55. Qd4+ Kg8 56. Qd5+ Kh8 57. Qxg5 Kh7 58. Qf5+ Kh6 59.
f4 Qb8 60. Qg5+ 1-0

[Event "Festival INPS"]
[Site "Roma ITA"]
[Date "1996.??.??"]
[Round "4"]
[White "Pezzaldi, Roberto"]
[Black "Lantini, Marco"]
[Result "1-0"]
[WhiteElo "2013"]
[BlackElo "2220"]
[PlyCount "99"]
[EventDate "1996.??.??"]

1. c4 e6 2. Nf3 d5 3. b3 Nf6 4. Bb2 Bd6 5. g3 O-O 6. Bg2 c6 7. O-O Qe7 8. d4 b6
9. Nbd2 Bb7 10. Re1 Nbd7 11. Ne5 Ba3 12. Bxa3 Qxa3 13. Nxd7 Nxd7 14. Qc2 Rac8
15. e4 Rfd8 16. e5 c5 17. dxc5 Nxc5 18. Red1 Nd7 19. Re1 b5 20. Qc1 Qa5 21. Qb2
dxc4 22. Nxc4 bxc4 23. Bxb7 Rb8 24. Bg2 c3 25. Qe2 Nb6 26. Red1 Rd2 27. Rxd2
cxd2 28. Rd1 Rd8 29. a4 Qc3 30. Be4 h6 31. Kf1 Qxb3 32. Rxd2 Rxd2 33. Qxd2 Qc4+
34. Bd3 Qxa4 35. Bc2 Qb5+ 36. Kg2 Qd5+ 37. Qxd5 exd5 38. f4 Kf8 39. Kf3 Nc4 40.
Ke2 Ke7 41. Kd3 f6 42. exf6+ Kxf6 43. Kd4 Ke6 44. g4 Kd6 45. Bb3 g5 46. Bxc4
dxc4 47. f5 c3 48. Kxc3 Ke5 49. Kc4 h5 50. h3 1-0

[Event "Festival INPS"]
[Site "Roma ITA"]
[Date "1996.??.??"]
[Round "4"]
[White "Quimi, Marco"]
[Black "Attanasi, Salvatore"]
[Result "1-0"]
[WhiteElo "2225"]
[BlackElo "1741"]
[PlyCount "99"]
[EventDate "1996.??.??"]

1. d4 e6 2. e4 d5 3. e5 c5 4. c3 Nc6 5. Nf3 Qb6 6. a3 c4 7. Nbd2 Na5 8. g3 Bd7
9. Bg2 O-O-O 10. h4 h6 11. O-O Ne7 12. Bh3 g5 13. hxg5 hxg5 14. Nxg5 Be8 15.
Bg2 Bh6 16. Ndf3 Nb3 17. Rb1 Nf5 18. Bf4 Qc7 19. Re1 Ba4 20. Qe2 Rdg8 21. Nh3
Bf8 22. Bg5 Be7 23. Bxe7 Qxe7 24. Nf4 Qf8 25. Bh3 Qh6 26. Bg2 Nxg3 27. fxg3
Rxg3 28. Qe3 Rhg8 29. Re2 Qg7 30. Qf2 Qg4 31. Nh2 Qf5 32. Rf1 Qh7 33. Re3 R3g5
34. Kh1 Na5 35. Bh3 Bc2 36. Nxe6 Be4+ 37. Rxe4 Qxe4+ 38. Qf3 fxe6 39. Bxe6+ Kc7
40. Qxe4 dxe4 41. Bxg8 Rxg8 42. Re1 Rf8 43. Kg2 Rg8+ 44. Kf2 Rh8 45. Kg3 Nb3
46. Rxe4 Rg8+ 47. Rg4 Rf8 48. d5 Nc5 49. Rxc4 b6 50. b4 1-0

[Event "Festival INPS"]
[Site "Roma ITA"]
[Date "1996.??.??"]
[Round "4"]
[White "Quinto, Gianni"]
[Black "Vignato, Giovanni"]
[Result "0-1"]
[WhiteElo "2220"]
[BlackElo "2080"]
[PlyCount "66"]
[EventDate "1996.??.??"]

1. d4 d5 2. c4 e6 3. Nc3 c6 4. e3 f5 5. Nf3 Nf6 6. Qc2 Bd6 7. h3 O-O 8. Bd2 Ne4
9. Be2 Bd7 10. O-O Be8 11. Qb3 Bh5 12. Rfd1 Nd7 13. cxd5 cxd5 14. Be1 g5 15.
Rac1 g4 16. Ne5 Bxe5 17. Nxe4 gxh3 18. Bxh5 fxe4 19. Bg4 hxg2 20. f4 exf3 21.
Bxe6+ Kh8 22. dxe5 Qg5 23. Rd4 Qh6 24. Rh4 Qxe6 25. Qd3 Rf7 26. Rd1 Rc8 27. e4
dxe4 28. Qxe4 Nc5 29. Qe3 Qa6 30. Bf2 Ne6 31. Rh6 Qa4 32. Re1 Qg4 33. Bh4 Ng5
0-1

[Event "Festival INPS"]
[Site "Roma ITA"]
[Date "1996.??.??"]
[Round "4"]
[White "Scacco, Mauro"]
[Black "Ianniello, Riccardo"]
[Result "0-1"]
[WhiteElo "2055"]
[BlackElo "2330"]
[PlyCount "94"]
[EventDate "1996.??.??"]

1. b3 c5 2. c4 Nc6 3. Bb2 Nf6 4. e3 e6 5. Nf3 Be7 6. Be2 O-O 7. O-O d6 8. d4 b6
9. Nbd2 Bb7 10. a3 a5 11. Qc2 Qc7 12. Rac1 h6 13. Rfd1 Rad8 14. d5 Nb8 15. dxe6
fxe6 16. Nh4 e5 17. Ng6 Rf7 18. Bf3 Bc8 19. h3 Nbd7 20. Ne4 Nxe4 21. Nxe7+ Rxe7
22. Bxe4 Nf6 23. Bg6 Nd7 24. Rd2 Nf8 25. Rcd1 Be6 26. Be4 Red7 27. Bd5 Re8 28.
Qf5 Rf7 29. Bxe6 Rxe6 30. Qe4 Nh7 31. Qg4 Qe7 32. Bc3 Nf6 33. Qh4 Qf8 34. f3 g5
35. Qe1 Ne8 36. b4 axb4 37. axb4 e4 38. bxc5 bxc5 39. fxe4 Rxe4 40. Qe2 Qe7 41.
Qh5 Qe6 42. Rd5 Kf8 43. Be1 Rxe3 44. Bf2 Re4 45. Rb1 Kg7 46. Qd1 Re2 47. Bg3
Qe4 0-1

[Event "Festival INPS"]
[Site "Roma ITA"]
[Date "1996.??.??"]
[Round "4"]
[White "Tosoni, Augusto"]
[Black "Della Ragione, Achille"]
[Result "0-1"]
[WhiteElo "2008"]
[BlackElo "1863"]
[PlyCount "133"]
[EventDate "1996.??.??"]

1. e4 d5 2. exd5 Nf6 3. d4 Nxd5 4. c4 Nb6 5. Nf3 Bg4 6. Be2 e6 7. O-O Nc6 8.
Be3 Be7 9. Nc3 O-O 10. Qd2 Bxf3 11. gxf3 Bf6 12. Rad1 e5 13. d5 Ne7 14. c5 Nbc8
15. Bd3 g6 16. Bh6 Bg7 17. Rfe1 f6 18. Bc2 Qd7 19. Kg2 Nf5 20. Bxf5 Qxf5 21.
Bxg7 Kxg7 22. Ne2 Ne7 23. Ng3 Qd7 24. d6 Nc6 25. Qd5 cxd6 26. cxd6 Rad8 27. Ne4
Nd4 28. Re3 Ne6 29. Qb3 Nf4+ 30. Kf1 Qh3+ 31. Ke1 Ng2+ 32. Ke2 Nxe3 33. Qxe3 b6
34. Rc1 Rf7 35. a4 Rc8 36. a5 Rxc1 37. Qxc1 Qd7 38. Qc4 h6 39. Qd5 Qa4 40. axb6
axb6 41. Kf1 Qd4 42. Qe6 Qxb2 43. d7 Qb5+ 44. Kg2 Qxd7 45. Qxb6 g5 46. Nc5 Qa7
47. Ne6+ Kg6 48. Nf8+ Kg7 49. Ne6+ Kh7 50. Qb4 Qb7 51. Qg4 f5 52. Qh5 Qe7 53.
Nc5 Rg7 54. Nd3 e4 55. Ne1 exf3+ 56. Nxf3 Qe4 57. Kf1 Qg4 58. Qxg4 fxg4 59. Ne5
h5 60. Kg2 Re7 61. Nc4 Kg6 62. Kg3 h4+ 63. Kg2 Re1 64. h3 Kh5 65. Nd2 gxh3+ 66.
Kxh3 Re2 67. Nf3 0-1